Les lieux les plus radioactifs - Statistiques

Statistiques générales
  • Ce quiz a été pris 79 fois
  • Le résultat moyen est 3 sur 10
Statistiques - réponses
☢️ Lieu % Correct
Le plus grave incident nucléaire du XXe siècle Tchernobyl (Ukraine)
95%
Plus de 700 000 m³ d’eau contaminée auraient d’ailleurs été déversées récemment dans la mer, faute de place pour les stocker Fukushima (Japon)
89%
Suite aux 120 000 tonnes de déchets nucléaires stockés à ciel ouvert depuis 40 ans, un veau à 2 tête est né en 2006 dans un village voisin Le combinat chimique de la Sibérie (Russie)
30%
Ville la plus radioactive de la planète suite à un accident libérant plus de 100 tonnes de déchets radioactifs Le complexe industriel du Maïak (Russie)
22%
En mai dernier, une partie du terrain a failli s’effondrer sur un tunnel de stockage radioactif, obligeant les 5000 employés à rester confinés dans l’usine Complexe nucléaire de Hanford (Etats-Unis)
19%
De 1949 à 1989, l'Union Soviétique y a réalisé 456 tests nucléaires important 200 000 personnes Le polygone nucléaire de Semipalatinsk (Kazakhstan)
11%
Sa centrale continue de déverser chaque jours plus de 8 millions de litres de déchets radioactifs dans la mer Sellafield (Angleterre)
7%
On estime à 600 le nombre de barils radioactifs enterrés ou coulés le long de la côte par la mafia La côte Somalienne (Somalie)
4%
Depuis 1994, la Mafia y aurait coulé près de 40 navires avec leurs stocks contaminés La mer Méditerranée
4%
On dénombre pas moins de 36 décharges radioactives, soit environ 1,96 million de m³ de déchets qui contaminent chaque jour les environs Maïlou-Sou (Kirghizistan)
1%
Aucun quiz correspondant
Distribution des résultats
% des personnes avec chaque résultat
Percentile par nombre de réponses
Votre historique - résultats
Vous n’avez pas pris ce quiz